Central Library OPAC University of Rajshahi

Der engel in grau : (Record no. 20351)

MARC details
000 -LEADER
fixed length control field 00787cam a2200265 a 4500
001 - CONTROL NUMBER
control field 20351
003 - CONTROL NUMBER IDENTIFIER
rucl marc code BD-RjUL
005 - DATE AND TIME OF LATEST TRANSACTION
control field 20211209000544.0
008 - FIXED-LENGTH DATA ELEMENTS--GENERAL INFORMATION
fixed length control field 140227s1956 bcca 000 0 eng d
035 ## - SYSTEM CONTROL NUMBER
System control number (OCoLC)ocm59131920
System control number (NNC)5261716
-- (BD-RjUL)20413
040 ## - CATALOGING SOURCE
Original cataloging agency NTE
Transcribing agency NTE
Modifying agency BD-RjUL
Language of cataloging eng
041 ## - LANGUAGE CODE
Language code of text/sound track or separate title eng
082 ## - DEWEY DECIMAL CLASSIFICATION NUMBER
Classification number 841
Author mark and year DID 1956
090 ## - LOCALLY ASSIGNED LC-TYPE CALL NUMBER (OCLC); LOCAL CALL NUMBER (OCLC)
Classification number (OCLC) (R) ; Classification number, CALL (RLIN) (NR) PS1541
Local cutter number (OCLC) ; Book number/undivided call number, CALL (RLIN) .A1 2004
100 1# - MAIN ENTRY--PERSONAL NAME
Personal name Dickinson, Emily,
Dates associated with a name 1830-1886.
9 (RLIN) 62734
245 10 - TITLE STATEMENT
Title Der engel in grau :
260 ## - PUBLICATION, DISTRIBUTION, ETC. (IMPRINT)
Place of publication, distribution, etc. Mission, B.C. :
Name of publisher, distributor, etc. Kessler Verlag mannheim,,
Date of publication, distribution, etc. c1956.
300 ## - PHYSICAL DESCRIPTION
Pagination 220 :
Illustrations ill ;
Size 24 cm.
650 ## - SUBJECT ADDED ENTRY--TOPICAL TERM
Topical term or geographic name as entry element Dickinson, Emily,
9 (RLIN) 62735
653 ## - INDEX TERM--UNCONTROLLED
Uncontrolled term Canadian imprints, 21st century, 2004.
700 1# - ADDED ENTRY--PERSONAL NAME
Personal name Mathi, Maria
942 ## - ADDED ENTRY ELEMENTS (KOHA)
Source of classification or shelving scheme Dewey Decimal Classification
Koha item type Books
Holdings
Lost status Source of classification or shelving scheme Damaged status Not for loan Collection code Permanent Location Current Location Shelving location Date acquired Source of acquisition Cost, normal purchase price Total Checkouts Full call number Date last seen Copy number Koha item type
  Dewey Decimal Classification   Not For Loan Fiction Central Library, University of Rajshahi Central Library, University of Rajshahi Reading Room 15/02/1958 U.S.I.S. Dacca 0.00   841 DID 1956 27/02/2014 C-1 Books